000 01327nam a2200313Ia 4500
001 Z_6126
008 220601s9999 xx 000 0 und d
020 _a968-24-3634-6
082 _a636.9 C66 1990
245 _aConejos / A. Fernán Castellanos Echeverría; colaborador F. R. Kirchner Salinas; revisión Johan D. Berlijn.
250 _a2a ed.
260 _aMéxico : Trillas
300 _a112 p.
440 _aManuales para educación agropecuaria : área producción animal ; 2
_9141575
500 _aBasado en el trabajo de A. Fernán Castellanos Echeverría. La biblioteca cuenta con las reimpresiones: 2a reimpresión de 1994 y 9a reimpresión de 2003. Este manaual ha sido elaborado dentro de un proyecto de cooperación técnica internacional de la DGETA, SEP, FAO Y PNUD
503 _aej.1: - ej.2: ?
504 _aIncluye índice.
650 _a1. Cunicultura
_9154716
650 _aConejos - Alimentación
650 _aConejos - Mejoramiento
650 _aConejos - Razas
650 _aConejos - Alojamiento
700 _aI.Castellanos Echeverría, A. Fernán \ II.Kirchner Salinas F. R., colab. \ III.Berlijn, Johan D., rev.Ì
_9179990
901 _a636.9 C66 1990
902 _aA
905 _a0000001990 mx an 0000000000spa00
942 _c1
999 _c217000
_d217000